[Event "FIRST SATURDAY TOURNAMENTS Budapest IM  "]
[Site "Budapest"]
[Date "2011.07.02"]
[Round "1.1"]
[White "Husari, Satea"]
[Black "Lengyel, Bela"]
[Result "1-0"]
[WhiteElo "2306"]
[BlackElo "2276"]
[PlyCount "129"]
[EventDate "2011.07.02"]

1. d4 d5 2. c4 e6 3. Nc3 Nf6 4. cxd5 exd5 5. Bg5 Nbd7 6. e3 Be7 7. Bd3 O-O 8.
Qc2 c6 9. Nf3 Re8 10. O-O Nf8 11. Rab1 a5 12. a3 Ng6 13. Ne5 Ng4 14. Bxe7 Qxe7
15. Nxg4 Bxg4 16. Rbe1 Qh4 17. Kh1 Nf8 18. f3 Bd7 19. Qd2 Ne6 20. Bb1 g6 21. e4
Nc7 22. Na4 Be6 23. Nb6 Ra6 24. Na4 Rd8 25. Nc5 Ra7 26. Rc1 Qe7 27. e5 Ne8 28.
Qh6 Rc8 29. f4 Ng7 30. f5 Bxf5 31. Bxf5 Nxf5 32. Rxf5 gxf5 33. Rc3 Kh8 34. Nd7
f6 35. Nxf6 Qg7 36. Qf4 b6 37. Qxf5 Rf8 38. Rxc6 Rc7 39. Rxc7 Qxc7 40. h3 Qf7
41. Qc2 Qb7 42. Qe2 Qc6 43. Qf3 Qc2 44. Kh2 Qd2 45. Qf5 Qh6 46. a4 Qg7 47. Kh1
Qh6 48. Qc2 Qh4 49. Qc7 Rxf6 50. exf6 Qxf6 51. Qc8+ Kg7 52. Qg4+ Kf7 53. Kh2
Qc6 54. Qf5+ Kg7 55. Qe5+ Kg6 56. b3 b5 57. h4 bxa4 58. bxa4 Qxa4 59. Qg5+ Kf7
60. Qxd5+ Ke7 61. h5 Qb4 62. Qe4+ Kf6 63. Qxh7 a4 64. Qg6+ Ke7 65. Qg7+ 1-0

[Event "FIRST SATURDAY TOURNAMENTS Budapest IM  "]
[Site "Budapest"]
[Date "2011.07.02"]
[Round "1.2"]
[White "Kantor, Gergely"]
[Black "Lyell, Mark"]
[Result "0-1"]
[WhiteElo "2255"]
[BlackElo "2224"]
[PlyCount "124"]
[EventDate "2011.07.02"]

1. d4 Nc6 2. c4 e5 3. d5 Nce7 4. e4 Ng6 5. Be3 Nf6 6. Nc3 Bb4 7. f3 O-O 8. Nge2
d6 9. a3 Bc5 10. Bxc5 dxc5 11. g3 Ne8 12. Bg2 Nd6 13. b3 Bd7 14. O-O Qg5 15.
Qc1 Qxc1 16. Nxc1 b6 17. Nd3 a5 18. a4 Rae8 19. f4 f5 20. Rae1 fxe4 21. Nxe4
exf4 22. Nxf4 Nxf4 23. gxf4 Bf5 24. Nd2 Bd3 25. Rxe8 Rxe8 26. Rf3 Re1+ 27. Bf1
Be4 28. Nxe4 Nxe4 29. Rd3 Rb1 30. Kg2 Rb2+ 31. Kg1 Rb1 32. Kg2 Rb2+ 33. Kg1 Kf8
34. h3 Nd2 35. Bg2 Nxb3 36. d6 cxd6 37. Rxd6 Nd4 38. Rd7 Ne2+ 39. Kh1 Nxf4 40.
Bc6 h6 41. Bb5 Re2 42. Rb7 Re6 43. Kh2 g5 44. Kg3 h5 45. Rb8+ Kg7 46. Rb7+ Kf6
47. Rb8 Kg7 48. Rb7+ Kh6 49. Bd7 Rf6 50. Rb8 h4+ 51. Kh2 Ng6 52. Bb5 Ne5 53.
Kg2 Kg6 54. Be8+ Kf5 55. Bb5 g4 56. hxg4+ Kxg4 57. Rg8+ Rg6 58. Rf8 h3+ 59. Kh1
Kg3 60. Rf1 Nf3 61. Bd7 Rd6 62. Bxh3 Rh6 0-1

[Event "FIRST SATURDAY TOURNAMENTS Budapest IM  "]
[Site "Budapest"]
[Date "2011.07.02"]
[Round "1.3"]
[White "Farago, Sandor"]
[Black "Battey, Alexander"]
[Result "1/2-1/2"]
[WhiteElo "2269"]
[BlackElo "2326"]
[PlyCount "119"]
[EventDate "2011.07.02"]

1. d4 Nf6 2. c4 e6 3. Nf3 b6 4. g3 Ba6 5. b3 Bb7 6. Bg2 Bb4+ 7. Bd2 c5 8. Bxb4
cxb4 9. a3 Na6 10. O-O O-O 11. Qe1 Qe7 12. Ne5 Bxg2 13. Kxg2 d6 14. Nd3 Qb7+
15. f3 bxa3 16. Nxa3 Nc7 17. e4 Rfd8 18. Nc2 Re8 19. Qe3 Nd7 20. Ra2 a5 21.
Rfa1 Na6 22. Na3 Nc7 23. Rc1 e5 24. Nc2 Ne6 25. d5 Nec5 26. Nb2 Na6 27. Na3
Ndc5 28. Nb5 Rad8 29. Na4 Nxa4 30. bxa4 Nb4 31. Rd2 Na6 32. Qa3 Qd7 33. Rb2 Nb4
34. Rxb4 axb4 35. Qxb4 f5 36. Nc3 Rf8 37. Rf1 Rf6 38. Qxb6 Rdf8 39. Qe3 f4 40.
Qe2 fxg3 41. hxg3 g5 42. Qe3 Qg7 43. Ne2 h5 44. c5 dxc5 45. Qxc5 h4 46. Qe3
hxg3 47. Nxg3 g4 48. fxg4 Qxg4 49. Rxf6 Rxf6 50. a5 Rg6 51. Kf2 Qh4 52. Kg2 Qf4
53. Qd3 Qh6 54. Qc3 Qf4 55. Qc8+ Kh7 56. Qh3+ Kg8 57. Qc8+ Kh7 58. Qd7+ Kh6 59.
Qh3+ Kg7 60. Qd7+ 1/2-1/2

[Event "FIRST SATURDAY TOURNAMENTS Budapest IM  "]
[Site "Budapest"]
[Date "2011.07.03"]
[Round "2.1"]
[White "Lengyel, Bela"]
[Black "Battey, Alexander"]
[Result "1/2-1/2"]
[WhiteElo "2276"]
[BlackElo "2326"]
[PlyCount "84"]
[EventDate "2011.07.02"]

1. e4 c6 2. d4 d5 3. Nc3 dxe4 4. Nxe4 Bf5 5. Ng3 Bg6 6. h4 h6 7. Nf3 Nd7 8. h5
Bh7 9. Bd3 Bxd3 10. Qxd3 e6 11. Bd2 Ngf6 12. O-O-O Be7 13. Ne4 Nxe4 14. Qxe4
Nf6 15. Qe2 Qd5 16. Kb1 Qe4 17. Qxe4 Nxe4 18. Be3 Nf6 19. Ne5 Rd8 20. c4 O-O
21. f3 Nd7 22. Kc2 Nxe5 23. dxe5 b6 24. a4 Bb4 25. g4 Rfe8 26. Rxd8 Rxd8 27.
Rd1 Rxd1 28. Kxd1 c5 29. f4 g6 30. Bf2 gxh5 31. gxh5 Kf8 32. Bh4 Ke8 33. Ke2
Ba5 34. Bf6 Kf8 35. Bd8 Ke8 36. Bc7 Kd7 37. Bb8 a6 38. Bd6 Ke8 39. Kd3 Bb4 40.
Ke4 Be1 41. f5 Bd2 42. f6 Be1 1/2-1/2

[Event "FIRST SATURDAY TOURNAMENTS Budapest IM  "]
[Site "Budapest"]
[Date "2011.07.03"]
[Round "2.2"]
[White "Lyell, Mark"]
[Black "Farago, Sandor"]
[Result "0-1"]
[WhiteElo "2224"]
[BlackElo "2269"]
[PlyCount "64"]
[EventDate "2011.07.02"]

1. e4 Nf6 2. Nc3 d6 3. f4 g6 4. Nf3 Bg7 5. Bc4 c6 6. Bb3 O-O 7. O-O d5 8. d3
Na6 9. Qe1 Nc5 10. Be3 Nxb3 11. axb3 Ng4 12. Bd2 d4 13. Nd1 c5 14. h3 Nf6 15.
g4 e6 16. b4 b6 17. bxc5 bxc5 18. b4 c4 19. dxc4 d3 20. c3 Bb7 21. Nf2 Qc7 22.
c5 Rfd8 23. Ne5 a5 24. Nc4 axb4 25. Rxa8 Bxa8 26. cxb4 Rd4 27. Nd6 Qc6 28. Bc3
Nxe4 29. Nfxe4 d2 30. Qh4 Rxd6 31. cxd6 Qxe4 32. Qd8+ Bf8 0-1

[Event "FIRST SATURDAY TOURNAMENTS Budapest IM  "]
[Site "Budapest"]
[Date "2011.07.03"]
[Round "2.3"]
[White "Husari, Satea"]
[Black "Kantor, Gergely"]
[Result "1/2-1/2"]
[WhiteElo "2306"]
[BlackElo "2255"]
[PlyCount "149"]
[EventDate "2011.07.02"]

1. c4 c5 2. Nc3 Nc6 3. Nf3 e5 4. g3 g6 5. Bg2 Bg7 6. d3 Nge7 7. O-O d6 8. a3
O-O 9. Ne1 Be6 10. Nd5 h6 11. Rb1 a5 12. Nc2 a4 13. Nce3 Nd4 14. Nc3 Qd7 15.
Ned5 Nxd5 16. Nxd5 Ra6 17. Bd2 f5 18. e3 Nb3 19. Bc3 Rb8 20. f4 b5 21. g4 Kh7
22. gxf5 gxf5 23. Qe1 bxc4 24. dxc4 e4 25. Rd1 Rg8 26. Kh1 Qf7 27. Rg1 Raa8 28.
Bh3 Raf8 29. Rxg7+ Rxg7 30. Nf6+ Kh8 31. Qh4 Rg6 32. Qh5 Nd4 33. exd4 Rxf6 34.
Qxf7 R8xf7 35. dxc5 dxc5 36. Rd6 Kg8 37. Rd8+ Kh7 38. Bf1 Rf8 39. Bxf6 Rxf6 40.
Rd6 Rg6 41. Rc6 e3 42. Rxc5 Rg4 43. Re5 Rxf4 44. Bg2 Bxc4 45. Rxe3 Rf2 46. Bc6
Rxb2 47. Bxa4 Bd5+ 48. Kg1 Rg2+ 49. Kf1 Rxh2 50. Re5 Be4 51. Bb3 Kg6 52. Bd5
Bxd5 53. Rxd5 Ra2 54. Ra5 h5 55. Ra8 h4 56. Rg8+ Kf6 57. Rf8+ Kg5 58. Rg8+ Kf4
59. Kg1 Rxa3 60. Kh2 Kf3 61. Rh8 Ra2+ 62. Kh3 Ra1 63. Kh2 f4 64. Rxh4 Ra2+ 65.
Kh3 Ra1 66. Kh2 Ke3 67. Rh8 Kf2 68. Rb8 Ra2 69. Rb3 f3 70. Rb1 Ke3+ 71. Kg1 Ke2
72. Rc1 Rd2 73. Ra1 Ke3 74. Ra3+ Kf4 75. Ra8 1/2-1/2

[Event "FIRST SATURDAY TOURNAMENTS Budapest IM  "]
[Site "Budapest"]
[Date "2011.07.04"]
[Round "3.1"]
[White "Kantor, Gergely"]
[Black "Lengyel, Bela"]
[Result "1/2-1/2"]
[WhiteElo "2255"]
[BlackElo "2276"]
[PlyCount "92"]
[EventDate "2011.07.02"]

1. d4 d5 2. c4 e6 3. Nc3 Nf6 4. cxd5 exd5 5. Bg5 Be7 6. e3 Nbd7 7. Bd3 c6 8.
Nge2 Nf8 9. Qc2 Ne6 10. Bh4 g6 11. O-O O-O 12. f3 b6 13. Rad1 Bb7 14. Kh1 Rc8
15. Qc1 a6 16. e4 Nd7 17. Bg3 b5 18. a3 c5 19. exd5 Nxd4 20. Qe3 Re8 21. Nxd4
cxd4 22. Qxd4 Bf6 23. Qa7 Bxc3 24. bxc3 Nc5 25. Bf2 Nxd3 26. Rxd3 Qd7 27. Qd4
Rc4 28. Qf6 Qe7 29. Qxe7 Rxe7 30. d6 Rd7 31. Re1 Kf8 32. Bg3 h5 33. Rde3 Rc8
34. Be5 Bd5 35. Bf6 Be6 36. Be7+ Ke8 37. Rb1 Rc4 38. Rb4 Rb7 39. h3 Kd7 40. g4
Rb6 41. Kg2 Rbc6 42. Rxc4 Rxc4 43. gxh5 gxh5 44. h4 f6 45. Bxf6 Kxd6 46. Re5
Rf4 1/2-1/2

[Event "FIRST SATURDAY TOURNAMENTS Budapest IM  "]
[Site "Budapest"]
[Date "2011.07.04"]
[Round "3.3"]
[White "Battey, Alexander"]
[Black "Lyell, Mark"]
[Result "1-0"]
[WhiteElo "2326"]
[BlackElo "2224"]
[PlyCount "73"]
[EventDate "2011.07.02"]

1. d4 g6 2. e4 Bg7 3. Nc3 b6 4. h4 c5 5. Nf3 cxd4 6. Nxd4 Bb7 7. h5 Nc6 8. Be3
Rc8 9. Qd2 Nf6 10. h6 Bf8 11. f3 e6 12. O-O-O Be7 13. Ndb5 O-O 14. Nd6 Rb8 15.
Be2 b5 16. Bxb5 Qa5 17. Nc4 Qc7 18. Bf4 e5 19. Bxc6 exf4 20. Bxb7 Qxc4 21. Bd5
Nxd5 22. Nxd5 Bc5 23. b3 Rfc8 24. Kb1 Bf8 25. Nf6+ Kh8 26. Nxd7 Bb4 27. Qd4+
Qxd4 28. Rxd4 Bc3 29. Nxb8 Bxd4 30. Rd1 Bf6 31. Nd7 Bg5 32. Ne5 Kg8 33. Rd7
Bxh6 34. Nxf7 Bg7 35. Rxa7 Rf8 36. Ng5 Rd8 37. Rxg7+ 1-0

[Event "FIRST SATURDAY TOURNAMENTS Budapest IM  "]
[Site "Budapest"]
[Date "2011.07.05"]
[Round "4.1"]
[White "Lengyel, Bela"]
[Black "Lyell, Mark"]
[Result "1-0"]
[WhiteElo "2276"]
[BlackElo "2224"]
[PlyCount "97"]
[EventDate "2011.07.02"]

1. e4 e5 2. Nf3 Nc6 3. Bb5 f5 4. d3 fxe4 5. dxe4 Nf6 6. O-O Bc5 7. Bxc6 bxc6 8.
Nxe5 O-O 9. Bg5 Qe8 10. Bxf6 Rxf6 11. Nd3 Bd4 12. c3 Bb6 13. e5 Rf5 14. Nd2 Ba6
15. c4 Qg6 16. Qa4 Rf7 17. e6 Rff8 18. Ne5 Qxe6 19. Nef3 Bb7 20. Rae1 Qh6 21.
c5 Kh8 22. cxb6 axb6 23. Qb3 Ba6 24. Re7 Bxf1 25. Nxf1 Qd6 26. Qe3 Qd5 27. Ne5
d6 28. Qg5 Qg8 29. Nxc6 Rxa2 30. Qc1 Rf7 31. Re1 Qf8 32. Qd2 Ra8 33. Ng3 Re8
34. Rc1 g6 35. b4 Ra8 36. h3 Qg7 37. f3 Ra1 38. Kh2 Rxc1 39. Qxc1 Rf8 40. b5
Re8 41. Qd2 Qa1 42. Ne4 Kg7 43. Nc3 h5 44. h4 Qf1 45. Qd4+ Kh7 46. Ne4 Kh6 47.
Qe3+ Kg7 48. Qg5 Rf8 49. Ne7 1-0

[Event "FIRST SATURDAY TOURNAMENTS Budapest IM  "]
[Site "Budapest"]
[Date "2011.07.05"]
[Round "4.2"]
[White "Husari, Satea"]
[Black "Battey, Alexander"]
[Result "1/2-1/2"]
[WhiteElo "2306"]
[BlackElo "2326"]
[PlyCount "55"]
[EventDate "2011.07.02"]

1. Nf3 f5 2. g3 Nf6 3. Bg2 g6 4. O-O Bg7 5. c4 O-O 6. Nc3 d6 7. d4 c6 8. Qc2
Qc7 9. e4 e5 10. c5 Nxe4 11. Nxe4 fxe4 12. cxd6 Qxd6 13. dxe5 Qd3 14. Qxd3 exd3
15. Rd1 Bf5 16. Nh4 Bxe5 17. Nxf5 Rxf5 18. Be4 Rf7 19. Bxd3 Kg7 20. Bc4 Rd7 21.
Rxd7+ Nxd7 22. Rb1 Bd4 23. Bf4 Nb6 24. Bb3 Re8 25. Kf1 c5 26. Rc1 c4 27. Bxc4
Bxb2 28. Rc2 1/2-1/2

[Event "FIRST SATURDAY TOURNAMENTS Budapest IM  "]
[Site "Budapest"]
[Date "2011.07.05"]
[Round "4.3"]
[White "Kantor, Gergely"]
[Black "Farago, Sandor"]
[Result "1/2-1/2"]
[WhiteElo "2255"]
[BlackElo "2269"]
[PlyCount "92"]
[EventDate "2011.07.02"]

1. d4 Nf6 2. c4 g6 3. Nc3 Bg7 4. e4 d6 5. Nf3 O-O 6. h3 c5 7. d5 e6 8. Bd3 Na6
9. O-O Nc7 10. dxe6 Nxe6 11. Be3 a6 12. Qd2 Re8 13. Nd5 Bd7 14. Rad1 b5 15. Qc2
Bc6 16. Rfe1 Qb8 17. b3 Qb7 18. Bf1 Rad8 19. g3 Nd7 20. Bg2 h6 21. Bd2 b4 22.
Bc1 Ne5 23. Nxe5 dxe5 24. Bb2 a5 25. h4 a4 26. h5 Ra8 27. Qe2 axb3 28. axb3 Ra2
29. Rd2 Kh7 30. Kh2 Rea8 31. Red1 Nd4 32. Bxd4 Rxd2 33. Qxd2 cxd4 34. f4 Ra3
35. hxg6+ fxg6 36. Qxb4 Rxb3 37. Qd6 Qd7 38. Nf6+ Bxf6 39. Qxf6 exf4 40. gxf4
d3 41. f5 gxf5 42. exf5 Qc7+ 43. Kg1 Qb6+ 44. Kh2 Qb8+ 45. Kg1 Qa7+ 46. Kh2
Qc7+ 1/2-1/2

[Event "FIRST SATURDAY TOURNAMENTS Budapest IM  "]
[Site "Budapest"]
[Date "2011.07.06"]
[Round "5.1"]
[White "Farago, Sandor"]
[Black "Lengyel, Bela"]
[Result "1/2-1/2"]
[WhiteElo "2269"]
[BlackElo "2276"]
[PlyCount "36"]
[EventDate "2011.07.02"]

1. c4 e5 2. Nc3 Nf6 3. Nf3 Nc6 4. g3 d5 5. cxd5 Nxd5 6. Bg2 Nb6 7. O-O Be7 8.
d3 O-O 9. a3 a5 10. Be3 f5 11. Rc1 f4 12. Bd2 Bg4 13. Ne4 Bxf3 14. Bxf3 Nd4 15.
Bg2 c6 16. Nc5 Bxc5 17. Rxc5 Nd7 18. Rc1 Kh8 1/2-1/2

[Event "FIRST SATURDAY TOURNAMENTS Budapest IM  "]
[Site "Budapest"]
[Date "2011.07.06"]
[Round "5.2"]
[White "Battey, Alexander"]
[Black "Kantor, Gergely"]
[Result "0-1"]
[WhiteElo "2326"]
[BlackElo "2255"]
[PlyCount "106"]
[EventDate "2011.07.02"]

1. Nf3 Nf6 2. c4 e6 3. Nc3 Bb4 4. g4 O-O 5. g5 Bxc3 6. dxc3 Ne4 7. Qc2 d5 8.
Be3 c6 9. Bg2 Nd6 10. c5 Nf5 11. Bf4 Nd7 12. b4 b6 13. e4 Ne7 14. Bd6 Ba6 15.
Nd4 Re8 16. Qa4 Bd3 17. O-O-O dxe4 18. Rxd3 b5 19. Qa6 exd3 20. h4 Rc8 21. Rd1
Nb8 22. Bxb8 Rxb8 23. Nxc6 Nxc6 24. Bxc6 Rf8 25. Qxa7 Qc8 26. Be4 e5 27. Rxd3
Qg4 28. Bd5 Qg1+ 29. Kc2 Qxf2+ 30. Rd2 Qf5+ 31. Kb2 Qf4 32. Kc2 e4 33. c6 e3
34. Qd4 Qf5+ 35. Be4 Qe6 36. Qxe3 Rbe8 37. Rd4 Qxa2+ 38. Kd1 Qb3+ 39. Ke2 Qa2+
40. Qd2 Qb1 41. Kf3 Qh1+ 42. Qg2 Qe1 43. Qe2 Qxh4 44. Qxb5 Qh3+ 45. Kf2 f5 46.
Bd5+ Kh8 47. Qd3 Qh2+ 48. Bg2 Ra8 49. Qg3 Ra2+ 50. Kf3 Qh5+ 51. Kf4 Re8 52.
Kxf5 Rf2+ 53. Qxf2 Qf7+ 0-1

[Event "FIRST SATURDAY TOURNAMENTS Budapest IM  "]
[Site "Budapest"]
[Date "2011.07.06"]
[Round "5.3"]
[White "Lyell, Mark"]
[Black "Husari, Satea"]
[Result "1-0"]
[WhiteElo "2224"]
[BlackElo "2306"]
[PlyCount "95"]
[EventDate "2011.07.02"]

1. e4 e5 2. Nf3 Nc6 3. Bc4 Nf6 4. Ng5 d5 5. exd5 Na5 6. Bb5+ Bd7 7. Qe2 Bxb5 8.
Qxb5+ c6 9. dxc6 bxc6 10. Qxe5+ Be7 11. d3 O-O 12. O-O c5 13. Nf3 Rb8 14. Nbd2
Nd7 15. Qf5 g6 16. Qh3 f5 17. Nb3 Nc6 18. Qh6 Nf6 19. Ng5 Qd7 20. Be3 Nd4 21.
Bxd4 cxd4 22. Nf3 a5 23. a4 Rb4 24. Rfe1 Bd6 25. h3 Nh5 26. Qd2 Bf4 27. Qe2 Ng7
28. Ne5 Qd5 29. Qf3 Qxf3 30. Nxf3 Rd8 31. Nxa5 Rxb2 32. Nc6 Ra8 33. Nfxd4 Bd2
34. Re5 Bf4 35. Rb5 Rxb5 36. Nxb5 Ne6 37. g3 Bg5 38. d4 Bf6 39. a5 Nc5 40. Rd1
Nb7 41. Nc7 Rc8 42. a6 Rxc7 43. a7 Rxc6 44. a8=Q+ Nd8 45. c4 Kf7 46. c5 Be7 47.
Re1 Bf6 48. d5 1-0

[Event "FIRST SATURDAY TOURNAMENTS Budapest IM  "]
[Site "Budapest"]
[Date "2011.07.07"]
[Round "6.2"]
[White "Lyell, Mark"]
[Black "Kantor, Gergely"]
[Result "1-0"]
[WhiteElo "2224"]
[BlackElo "2255"]
[PlyCount "51"]
[EventDate "2011.07.02"]

1. d4 e6 2. c4 Nf6 3. Nc3 Bb4 4. e3 Ne4 5. Qc2 Nxc3 6. bxc3 Ba5 7. Nf3 O-O 8.
Bd3 f5 9. O-O c5 10. e4 f4 11. e5 h6 12. g3 fxg3 13. fxg3 Nc6 14. Bxh6 gxh6 15.
Bh7+ Kh8 16. Nh4 Ne7 17. Ng6+ Nxg6 18. Qxg6 Rf5 19. Rxf5 exf5 20. Qxh6 Qe7 21.
Bxf5+ Kg8 22. Be4 Bxc3 23. Bd5+ Qe6 24. Bxe6+ dxe6 25. Rf1 Bxd4+ 26. Kg2 1-0

[Event "FIRST SATURDAY TOURNAMENTS Budapest IM  "]
[Site "Budapest"]
[Date "2011.07.07"]
[Round "6.3"]
[White "Battey, Alexander"]
[Black "Farago, Sandor"]
[Result "1/2-1/2"]
[WhiteElo "2326"]
[BlackElo "2269"]
[PlyCount "103"]
[EventDate "2011.07.02"]

1. e4 c5 2. Nf3 Nc6 3. Bb5 e6 4. Bxc6 bxc6 5. d3 d5 6. c4 Bd6 7. O-O Ne7 8. Nc3
O-O 9. b3 e5 10. Re1 Bg4 11. h3 Bh5 12. g4 Bg6 13. Nh4 d4 14. Na4 Nc8 15. Nf5
Nb6 16. Nb2 Be7 17. Nxe7+ Qxe7 18. Qf3 a5 19. Na4 Nd7 20. Qg3 f6 21. Ba3 Qd6
22. Rf1 Rae8 23. f3 Bf7 24. Qe1 Ra8 25. Qg3 Rae8 26. Rf2 g5 27. Rg2 Kg7 28. h4
h6 29. Kf2 Rh8 30. Rh1 Reg8 31. Rgh2 Kf8 32. Ke2 Ke7 33. Qe1 Ra8 34. Bc1 Rhe8
35. hxg5 hxg5 36. Rh7 Ke6 37. Ba3 Qf8 38. R1h2 Kd6 39. Qc1 Kc7 40. Qe1 Kd6 41.
R7h6 Bg8 42. Bc1 Kc7 43. Qh1 Ra7 44. Ba3 Kd6 45. Kf2 Ke6 46. Ke2 Kd6 47. Kf2
Ke6 48. Kg2 Kd6 49. Qe1 Ke6 50. Qd2 Kd6 51. Qc1 Kc7 52. Kf2 1/2-1/2

[Event "FIRST SATURDAY TOURNAMENTS Budapest IM  "]
[Site "Budapest"]
[Date "2011.07.08"]
[Round "7.1"]
[White "Battey, Alexander"]
[Black "Lengyel, Bela"]
[Result "1/2-1/2"]
[WhiteElo "2326"]
[BlackElo "2276"]
[PlyCount "58"]
[EventDate "2011.07.02"]

1. d4 d5 2. c4 e6 3. Nc3 Nf6 4. Nf3 Nbd7 5. Bg5 Be7 6. e3 O-O 7. Rc1 c6 8. Bd3
h6 9. Bh4 dxc4 10. Bxc4 b5 11. Bd3 a6 12. a4 bxa4 13. Nxa4 Qa5+ 14. Nd2 Bb4 15.
Nc3 c5 16. Nb3 Qd8 17. O-O cxd4 18. Nxd4 Bb7 19. Be4 Qb8 20. Nc6 Bxc6 21. Bxc6
Ra7 22. Bg3 e5 23. Nd5 a5 24. Bh4 Nxd5 25. Qxd5 Nb6 26. Qb3 Rc7 27. Bg3 Qc8 28.
Qc2 Re8 29. Rfd1 Re6 1/2-1/2

[Event "FIRST SATURDAY TOURNAMENTS Budapest IM  "]
[Site "Budapest"]
[Date "2011.07.08"]
[Round "7.2"]
[White "Farago, Sandor"]
[Black "Lyell, Mark"]
[Result "1-0"]
[WhiteElo "2269"]
[BlackElo "2224"]
[PlyCount "69"]
[EventDate "2011.07.02"]

1. d4 Nf6 2. Nf3 e6 3. c4 b6 4. g3 Bb7 5. Bg2 Be7 6. O-O O-O 7. Nc3 d6 8. d5 e5
9. e4 Ne8 10. a3 Nd7 11. b4 g6 12. Bh6 Ng7 13. Qd2 f5 14. Ng5 Bxg5 15. Bxg5 Nf6
16. Rae1 Qd7 17. Bh3 Qf7 18. f4 exf4 19. Qxf4 Bc8 20. e5 dxe5 21. Qxe5 Ba6 22.
Qd4 Rae8 23. Rxe8 Ngxe8 24. g4 Nd6 25. gxf5 Bxc4 26. fxg6 Qxg6 27. Be6+ Kg7 28.
Rf2 h6 29. h4 hxg5 30. hxg5 Kh7 31. Qe5 Bd3 32. Rh2+ Nh5 33. Bg4 Kg8 34. Rxh5
Rf1+ 35. Kg2 1-0

[Event "FIRST SATURDAY TOURNAMENTS Budapest IM  "]
[Site "Budapest"]
[Date "2011.07.08"]
[Round "7.3"]
[White "Kantor, Gergely"]
[Black "Husari, Satea"]
[Result "1-0"]
[WhiteElo "2255"]
[BlackElo "2306"]
[PlyCount "115"]
[EventDate "2011.07.02"]

1. d4 Nf6 2. c4 g6 3. Nc3 Bg7 4. e4 O-O 5. Nf3 d6 6. h3 e5 7. d5 Nh5 8. g3 a5
9. Nh2 Na6 10. Be2 Nf6 11. Ng4 Nc5 12. Nxf6+ Qxf6 13. h4 Qe7 14. g4 f5 15. gxf5
gxf5 16. Bg5 Qd7 17. exf5 Qxf5 18. Be3 Ne4 19. Nxe4 Qxe4 20. Rg1 Qxh4 21. Qd2
Bf5 22. O-O-O Rf7 23. Rh1 Qe7 24. Bh5 Bg6 25. Bxg6 hxg6 26. Rdg1 Qf6 27. Rg5
Bh8 28. Rhg1 Rg7 29. f4 Rf8 30. Qd3 b6 31. fxe5 dxe5 32. Rxg6 Qf3 33. Kb1 Rf5
34. Rxg7+ Bxg7 35. a3 Kf7 36. d6 cxd6 37. Qxd6 Bf6 38. Qd7+ Be7 39. Bh6 Kf6 40.
Bg7+ Kf7 41. Bf8 Kxf8 42. Qc8+ Bd8 43. Qxd8+ Kf7 44. Qd7+ Kf8 45. Rd1 Rf6 46.
Qd8+ Kf7 47. Qc7+ Kg8 48. Rd8+ Rf8 49. Rd7 Qf5+ 50. Ka2 Rf7 51. Qd8+ Kg7 52.
Rd1 Qg4 53. Qd5 Kg6 54. Rd2 e4 55. Rd4 Re7 56. Qg8+ Rg7 57. Rd6+ Kf5 58. Qf8+
1-0

[Event "FIRST SATURDAY TOURNAMENTS Budapest IM  "]
[Site "Budapest"]
[Date "2011.07.09"]
[Round "8.1"]
[White "Lengyel, Bela"]
[Black "Kantor, Gergely"]
[Result "0-1"]
[WhiteElo "2276"]
[BlackElo "2255"]
[PlyCount "134"]
[EventDate "2011.07.02"]

1. e4 e6 2. d4 d5 3. Nc3 Nf6 4. Bg5 Bb4 5. e5 h6 6. Bd2 Bxc3 7. bxc3 Ne4 8. Qg4
Kf8 9. Nf3 c5 10. Bd3 Nxd2 11. Kxd2 c4 12. Be2 Nc6 13. h4 b5 14. a3 a5 15. Qf4
Bd7 16. h5 Ke7 17. g4 Qf8 18. Rhb1 Rb8 19. Nh4 Kd8 20. Qe3 Qe7 21. Nf3 Kc7 22.
Bd1 Rb7 23. Be2 b4 24. axb4 axb4 25. cxb4 Rxb4 26. Rxb4 Qxb4+ 27. Qc3 Qxc3+ 28.
Kxc3 f6 29. exf6 gxf6 30. Nh4 e5 31. dxe5 fxe5 32. Ng6 Re8 33. Rh1 Be6 34. g5
d4+ 35. Kd2 c3+ 36. Ke1 Ra8 37. Kf1 Bd5 38. f3 d3 39. Kf2 dxe2 40. gxh6 Nd4 41.
Nxe5 Kd6 42. Nd3 Nxf3 43. Rb1 Nd4 44. Rb6+ Bc6 45. Ke3 Nxc2+ 46. Kxe2 Re8+ 47.
Kf2 Nd4 48. Rb4 Rf8+ 49. Kg1 Ne2+ 50. Kh2 c2 51. h7 c1=Q 52. Nxc1 Nxc1 53. Rg4
Rh8 54. Rg6+ Kc5 55. Rg7 Nd3 56. Kg3 Be4 57. Kg4 Bxh7 58. Kg5 Kd6 59. Kf6 Be4
60. Rg4 Nc5 61. Rh4 Nd7+ 62. Kg5 Ke5 63. Kg4 Nf6+ 64. Kg3 Nxh5+ 65. Kf2 Rf8+
66. Ke1 Nf4 67. Rh2 Kd4 0-1

[Event "FIRST SATURDAY TOURNAMENTS Budapest IM  "]
[Site "Budapest"]
[Date "2011.07.09"]
[Round "8.3"]
[White "Lyell, Mark"]
[Black "Battey, Alexander"]
[Result "1/2-1/2"]
[WhiteElo "2224"]
[BlackElo "2326"]
[PlyCount "76"]
[EventDate "2011.07.02"]

1. c4 f5 2. Nc3 Nf6 3. d3 e5 4. g3 Bb4 5. Bg2 Bxc3+ 6. bxc3 O-O 7. Ba3 Re8 8.
Nh3 Nc6 9. O-O b6 10. c5 h6 11. d4 Bb7 12. Qc2 exd4 13. cxd4 Qe7 14. e3 Qf7 15.
Nf4 Ne4 16. Rfd1 Rac8 17. Rac1 Ne7 18. Bf1 Nd5 19. Bc4 c6 20. Bxd5 cxd5 21. Qb3
b5 22. Qxb5 Bc6 23. Qa5 Kh7 24. Rc2 g5 25. Nd3 Qh5 26. Rb1 Nf6 27. Ne5 Rxe5 28.
dxe5 d4 29. exf6 Qf3 30. Kf1 Qh1+ 31. Ke2 Qxb1 32. Rb2 Qe4 33. Qd2 dxe3 34.
Qxe3 Re8 35. Qxe4 Rxe4+ 36. Kd2 Kg6 37. Rb8 Kxf6 38. Bb2+ Kf7 1/2-1/2

[Event "FIRST SATURDAY TOURNAMENTS Budapest IM  "]
[Site "Budapest"]
[Date "2011.07.10"]
[Round "9.1"]
[White "Lyell, Mark"]
[Black "Lengyel, Bela"]
[Result "0-1"]
[WhiteElo "2224"]
[BlackElo "2276"]
[PlyCount "82"]
[EventDate "2011.07.02"]

1. e4 e5 2. Nf3 Nc6 3. Bc4 Nf6 4. Ng5 d5 5. exd5 Na5 6. Bb5+ c6 7. dxc6 bxc6 8.
Qf3 Rb8 9. Bd3 h6 10. Ne4 Nd5 11. b3 Be6 12. Bb2 Qc7 13. Nbc3 Nf4 14. O-O-O Be7
15. Rhe1 O-O 16. Bf1 f5 17. Ng3 e4 18. Qe3 Rf7 19. Nge2 Nd5 20. Nxd5 Bxd5 21.
f4 exf3 22. Be5 Bd6 23. Nf4 f2 24. Re2 Be4 25. Bxd6 Qxd6 26. Qc3 Nxb3+ 27. axb3
Qxf4 28. g3 Qd6 29. Rxf2 Qa3+ 30. Qb2 Qc5 31. d4 Qb4 32. Bc4 Bd5 33. Bxd5 cxd5
34. Re2 a5 35. Rde1 Kh7 36. Re8 a4 37. c3 Rxe8 38. Rxe8 Qb5 39. Re1 axb3 40.
Qa3 Qd3 41. Qxb3 Rc7 0-1

[Event "FIRST SATURDAY TOURNAMENTS Budapest IM  "]
[Site "Budapest"]
[Date "2011.07.10"]
[Round "9.2"]
[White "Battey, Alexander"]
[Black "Husari, Satea"]
[Result "1/2-1/2"]
[WhiteElo "2326"]
[BlackElo "2306"]
[PlyCount "30"]
[EventDate "2011.07.02"]

1. e4 c6 2. d4 d5 3. exd5 cxd5 4. c4 Nf6 5. Nc3 Nc6 6. Nf3 Bg4 7. cxd5 Nxd5 8.
Qb3 Bxf3 9. gxf3 e6 10. Qxb7 Nxd4 11. Bb5+ Nxb5 12. Qc6+ Ke7 13. Qxb5 Qd7 14.
Nxd5+ Qxd5 15. Qxd5 exd5 1/2-1/2

[Event "FIRST SATURDAY TOURNAMENTS Budapest IM  "]
[Site "Budapest"]
[Date "2011.07.10"]
[Round "9.3"]
[White "Farago, Sandor"]
[Black "Kantor, Gergely"]
[Result "1/2-1/2"]
[WhiteElo "2269"]
[BlackElo "2255"]
[PlyCount "72"]
[EventDate "2011.07.02"]

1. e4 e6 2. d4 d5 3. Nc3 Nf6 4. e5 Nfd7 5. Nce2 c5 6. c3 Nc6 7. f4 Be7 8. Nf3
O-O 9. a3 a5 10. h4 cxd4 11. cxd4 f6 12. Be3 Nb6 13. Nc3 Bd7 14. Bd3 f5 15. h5
a4 16. Qc2 h6 17. Rd1 Na5 18. Ke2 Nbc4 19. Bc1 Rc8 20. Rdg1 Nb3 21. g4 Qa5 22.
gxf5 Nxa3 23. f6 Rxf6 24. exf6 Nxc2 25. Rxg7+ Kf8 26. Rxe7 Ncxd4+ 27. Nxd4
Nxd4+ 28. Kf2 Rxc3 29. bxc3 Qxc3 30. f5 Nxf5 31. Bxf5 Qxf6 32. Rxd7 Qxf5+ 33.
Kg3 Qd3+ 34. Kf2 Qc2+ 35. Kg3 Qd3+ 36. Kf2 Qc2+ 1/2-1/2

[Event "FIRST SATURDAY TOURNAMENTS Budapest IM  "]
[Site "Budapest"]
[Date "2011.07.11"]
[Round "10.1"]
[White "Lengyel, Bela"]
[Black "Farago, Sandor"]
[Result "1/2-1/2"]
[WhiteElo "2276"]
[BlackElo "2269"]
[PlyCount "66"]
[EventDate "2011.07.02"]

1. e4 Nf6 2. e5 Nd5 3. d4 d6 4. Nf3 g6 5. Bc4 Nb6 6. Bb3 Bg7 7. Bf4 Bg4 8. Nbd2
O-O 9. h3 Bxf3 10. Nxf3 dxe5 11. Nxe5 N8d7 12. O-O Nxe5 13. Bxe5 Bxe5 14. dxe5
Qxd1 15. Raxd1 Rfd8 16. f4 e6 17. Kf2 Kf8 18. Ke3 Ke7 19. g4 Rxd1 20. Rxd1 Rd8
21. Rxd8 Kxd8 22. f5 Ke7 23. Kf4 h6 24. fxg6 fxg6 25. h4 Nd7 26. c3 Nc5 27. Bc2
Kf7 28. b4 Nd7 29. g5 h5 30. Bb3 Ke7 31. Bc2 Kf7 32. Bb3 Ke7 33. Bc2 Kf7
1/2-1/2